000 00337 a2200169 4500
001 183403
020 _a85-322-5206-0
040 _cMagnum
100 _aMachado, Ana Maria
240 1 0 _aJoão bobo
_lpor
245 1 0 _aJoão bobo
300 _a29
362 0 _a2004
440 1 _aFTD
697 _aLITERATURA INFANTO
942 _cBK
999 _c183403
_d183403